| 000 | nam a22 7a 4500 | ||
|---|---|---|---|
| 999 |
_c331549 _d331549 |
||
| 003 | NUST | ||
| 005 | 20171004112706.0 | ||
| 008 | 171004b xxu||||| |||| 00| 0 eng d | ||
| 040 | _cNUST | ||
| 082 | _a302.23 | ||
| 100 |
_aNasir,Marium _95196 |
||
| 245 | _aInternet marketing communication in Pakistani tech startups: an exploratory study | ||
| 260 |
_aIslamabad _c2016 |
||
| 300 | _a92p | ||
| 942 |
_2ddc _cTH |
||